<?xml version="1.0" encoding="UTF-8"?><?xml-stylesheet type="text/xsl" href="static/style.xsl"?><OAI-PMH xmlns="http://www.openarchives.org/OAI/2.0/" xmlns:xsi="http://www.w3.org/2001/XMLSchema-instance" xsi:schemaLocation="http://www.openarchives.org/OAI/2.0/ http://www.openarchives.org/OAI/2.0/OAI-PMH.xsd"><responseDate>2026-06-01T15:21:05Z</responseDate><request verb="GetRecord" identifier="oai:riuma.uma.es:10630/22419" metadataPrefix="marc">https://riuma.uma.es/rest/oai/request</request><GetRecord><record><header><identifier>oai:riuma.uma.es:10630/22419</identifier><datestamp>2026-02-03T12:51:09Z</datestamp><setSpec>com_10630_27</setSpec><setSpec>com_10630_3139</setSpec><setSpec>com_10630_10</setSpec><setSpec>col_10630_21192</setSpec></header><metadata><record xmlns="http://www.loc.gov/MARC21/slim" xmlns:dcterms="http://purl.org/dc/terms/" xmlns:doc="http://www.lyncode.com/xoai" xmlns:xsi="http://www.w3.org/2001/XMLSchema-instance" xsi:schemaLocation="http://www.loc.gov/MARC21/slim http://www.loc.gov/standards/marcxml/schema/MARC21slim.xsd">
   <leader>00925njm 22002777a 4500</leader>
   <datafield ind2=" " ind1=" " tag="042">
      <subfield code="a">dc</subfield>
   </datafield>
   <datafield ind2=" " ind1=" " tag="720">
      <subfield code="a">Cherifi, Kouider</subfield>
      <subfield code="e">author</subfield>
   </datafield>
   <datafield ind2=" " ind1=" " tag="720">
      <subfield code="a">Bouazza, Naima</subfield>
      <subfield code="e">author</subfield>
   </datafield>
   <datafield ind2=" " ind1=" " tag="720">
      <subfield code="a">Babali, Ibrahim</subfield>
      <subfield code="e">author</subfield>
   </datafield>
   <datafield ind2=" " ind1=" " tag="260">
      <subfield code="c">2021</subfield>
   </datafield>
   <datafield ind2=" " ind1=" " tag="520">
      <subfield code="a">Par   cet  apport   cartographie   les auteurs   ont   bien   montré   cette   évolution   du peuplement  à Quercus  faginea subsp.tlemcenensis(DC.)  M.de  la  réserve  de Moutas.La prospection utilisée (272 relevés) permis de donner une image fine et actualiser sur la capacité d’adaptation de ce peuplement.A  travers  les  observations  et  les connaissances  une  mise  en  évidence  l’évolution  de  ce  peuplement (résilience, germination  et  rejet  de  souche) et  cartés  in  situ.  Ce  travail  repose  sur  une collaboration   très   forte   entre plusieurs chercheurs   (cartographes, écologues, forestiers et informaticiens).Cette cartographie reflète l’ensemble des faits biogéographiques de la zone d’étude (répartition des groupements, facteurs écologiques...). Elle replace ce peuplement au cœur des réflexions et renforce l’importance de sa protection et sa conservation</subfield>
   </datafield>
   <datafield ind1="8" ind2=" " tag="024">
      <subfield code="a">Acta Botánica Malacitana, vol.46, 2021</subfield>
   </datafield>
   <datafield ind1="8" ind2=" " tag="024">
      <subfield code="a">https://hdl.handle.net/10630/22419</subfield>
   </datafield>
   <datafield ind1="8" ind2=" " tag="024">
      <subfield code="a">https://doi.org/10.24310/abm.v46i.10221</subfield>
   </datafield>
   <datafield tag="653" ind2=" " ind1=" ">
      <subfield code="a">Vegetación - Tlemcen (Argelia)</subfield>
   </datafield>
   <datafield ind2="0" ind1="0" tag="245">
      <subfield code="a">Apport  à  la  connaissance  cartographique  du  peuplement  à Quercus  faginea subsp.tlemcenensis de la réserve de Moutas-Tlemcen (AlgérieNord-Occidentale)</subfield>
   </datafield>
</record>
</metadata></record></GetRecord></OAI-PMH>